| 000 | 00340nam a2200133Ia 4500 | ||
|---|---|---|---|
| 008 | 191201s2004 xx 000 0 und d | ||
| 082 |
_a621 _bMAE |
||
| 100 | _aMATHUR, S B | ||
| 245 | 0 | _aElements of Mechanical Engineering | |
| 260 |
_aN.Delhi _bDhanpat Rai Pub (P) Ltd _c2004 |
||
| 300 | _a1.1-38.29 | ||
| 650 | _aB.Tech(ME) | ||
| 942 |
_2ddc _cBK |
||
| 999 |
_c879 _d879 |
||